000 00569nam a2200181Ia 4500
008 151018s9999 xx 000 0 und d
082 _bRBASDV13032
_a891.463
100 _aप्रभाकर अत्रे
245 _aकवच कुंडल
250 _b1
260 _bसंजय प्रकाशन पुणे
_c1978
300 _a196
600 _aप्रभाकर अत्रे
630 _aकवच कुंडल
700 _aप्रभाकर अत्रे
730 _aकवच कुंडल
942 _cBOOK
999 _c1015269
_d1015266